01380nam a22003134a 4500001001200000003000800012006001900020007001500039008004100054010001700095020002800112040002100140035002000161050002300181082001800204245012200222260003900344300001600383504006600399533015200465650007500617650008600692650007600778655002900854700002500883710001700908856012600925999001501051ebr10005621CaPaEBRm u cr cn|||||||||991221s2001 ctu sb 001 0 eng  z 99086097  z0275969096 (alk. paper) aCaPaEBRcCaPaEBR a(OCoLC)7076585414aLA229b.V54 2001eb04a378.1/98122104aThe Vietnam War on campush[electronic resource] :bother voices, more distant drums /cedited by Marc Jason Gilbert. aWestport, Conn. :bPraeger,c2001. axiv, 268 p. aIncludes bibliographical references (p. [239]-256) and index. aElectronic reproduction.bPalo Alto, Calif. :cebrary,d2013.nAvailable via World Wide Web.nAccess may be limited to ebrary affiliated libraries. 0aStudent movementszUnited StatesxHistoryy20th centuryvCase studies. 0aStudentszUnited StatesxPolitical activityxHistoryy20th centuryvCase studies. 0aVietnam War, 1961-1975xProtest movementszUnited StatesvCase studies. 7aElectronic books.2local1 aGilbert, Marc Jason.2 aebrary, Inc.40uhttp://site.ebrary.com/lib/rucke/Doc?id=10005621zAn electronic book accessible through the World Wide Web; click to view c3667d3667